[Event "Pardubice Open A"]
[Site "?"]
[Date "2015.07.27"]
[Round "4.3"]
[White "POPILSKI, Gil"]
[Black "DAS, Sayantan"]
[Result "1-0"]
[WhiteElo "2519"]
[BlackElo "2444"]
[PlyCount "173"]
[EventDate "2015.??.??"]
[WhiteClock "0:05:46"]
[BlackClock "0:03:07"]

1. e4 e6 2. d4 d5 3. Nc3 Bb4 4. e5 Ne7 5. a3 Bxc3+ 6. bxc3 c5 7. h4 Qc7 8. Nf3
Bd7 9. h5 h6 10. Rh4 Nbc6 11. Bd3 c4 12. Be2 O-O-O 13. Kf1 Rdf8 14. Kg1 f6 15.
Bf4 Qd8 16. Bh2 f5 17. Qd2 Rfg8 18. Bf4 Qa5 19. Rh3 Nd8 20. Nh4 Be8 21. Qc1 Qa4
22. Qb2 Ndc6 23. Rb1 b6 24. Kh2 Nb8 25. Qb4 Qxb4 26. cxb4 Ba4 27. c3 Na6 28. g4
fxg4 29. Bxg4 Nc7 30. Rg3 Bc2 31. Rc1 Bd3 32. Rcg1 Kd7 33. Bd1 Rh7 34. Ba4+ Kd8
35. Be3 Be4 36. Rg4 Bd3 37. Rf4 Nf5 38. Ng6 a6 39. Bd2 Nb5 40. Ra1 Kd7 41. Bd1
Na7 42. a4 Nc8 43. a5 b5 44. Rg4 Nce7 45. Nf4 Rf8 46. Bf3 Rhh8 47. Rag1 Rf7 48.
Nxd3 cxd3 49. Rf4 Rhf8 50. Bd1 Kc6 51. Rgg4 Kd7 52. Kg1 Rg8 53. Rf3 Rgf8 54.
Be1 Rc8 55. Rxd3 Ke8 56. Bd2 Kd7 57. Be2 Rb8 58. Rf3 Rbf8 59. Bd3 Kc6 60. Kf1
Kd7 61. Ke1 Kc6 62. Bf4 Kd7 63. Bh2 Kc6 64. Kd1 Kd7 65. Rgf4 Rc8 66. Bg3 Rcf8
67. Rg4 Ke8 68. Rff4 Nxg3 69. Rxf7 Rxf7 70. Rxg3 Kd7 71. Ke2 Ke8 72. Bg6 Nxg6
73. Rxg6 Ke7 74. Ke3 Kd7 75. f4 Ke7 76. Kf3 Kd7 77. Kg3 Ke7 78. Kg4 Kd7 79. f5
Rxf5 80. Rxg7+ Kc6 81. Rg6 Kd7 82. Rxh6 Rf1 83. Kg5 Rf3 84. Rh7+ Kc6 85. Rh8
Kd7 86. h6 Rg3+ 87. Kf4 1-0

[Event "Pardubice Open A"]
[Site "?"]
[Date "2015.07.27"]
[Round "4.4"]
[White "BAGI, Mate"]
[Black "KREJCI, Jan"]
[Result "1-0"]
[WhiteElo "2417"]
[BlackElo "2500"]
[PlyCount "89"]
[EventDate "2015.??.??"]
[WhiteClock "0:23:11"]
[BlackClock "0:38:03"]

1. e4 c5 2. Nf3 Nc6 3. d4 cxd4 4. Nxd4 Nf6 5. Nc3 d6 6. Bg5 e6 7. Qd2 a6 8.
O-O-O Bd7 9. f4 b5 10. Bxf6 gxf6 11. Kb1 Qb6 12. Nxc6 Bxc6 13. f5 b4 14. Ne2 e5
15. Ng3 h5 16. h4 Qc5 17. Qe2 Bb5 18. Qf3 Rc8 19. Bxb5+ axb5 20. Qe2 Qc4 21.
Rd3 Ra8 22. b3 Qc7 23. Rd5 Ke7 24. Rxb5 Qa7 25. a4 bxa3 26. Ka2 Bh6 27. Rd1
Rhc8 28. c4 Rab8 29. Rxb8 Rxb8 30. Nxh5 Qb6 31. Rd3 Qg1 32. g4 Bc1 33. Rd1 Qb6
34. Qc2 Be3 35. g5 fxg5 36. hxg5 Bxg5 37. f6+ Bxf6 38. Ng3 Rh8 39. Nf5+ Kf8 40.
Rxd6 Qg1 41. Ra6 Bd8 42. Ra8 Qg5 43. c5 Rh1 44. c6 Rc1 45. Rxd8+ 1-0

[Event "Pardubice Open A"]
[Site "?"]
[Date "2015.07.27"]
[Round "4.5"]
[White "MINDLIN, Alon"]
[Black "POETSCH, Hagen"]
[Result "1/2-1/2"]
[WhiteElo "2310"]
[BlackElo "2498"]
[PlyCount "83"]
[EventDate "2015.??.??"]
[WhiteClock "0:03:39"]
[BlackClock "0:02:42"]

1. d4 e6 2. c4 f5 3. g3 Nf6 4. Bg2 Bb4+ 5. Nc3 O-O 6. Nf3 d6 7. Qb3 c5 8. dxc5
Bxc5 9. Na4 Na6 10. O-O Qc7 11. Nxc5 Nxc5 12. Qc2 Bd7 13. b3 Bc6 14. Bb2 Be4
15. Qd2 Rad8 16. Rfd1 e5 17. Rac1 a5 18. Ba3 b6 19. Ng5 Bxg2 20. Kxg2 h6 21.
Nf3 Nce4 22. Qd3 Ng4 23. Rf1 Nexf2 24. Rxf2 e4 25. Qd5+ Kh7 26. Kg1 Nxf2 27.
Nd4 Ng4 28. Ne6 Qf7 29. Nxf8+ Qxf8 30. Bb2 Re8 31. Bd4 e3 32. Rf1 Nf2 33. Bxb6
f4 34. gxf4 Qxf4 35. Qg2 Re5 36. Bxe3 Qxe3 37. Qxf2 Qxe2 38. Qxe2 Rxe2 39. Rf2
Re1+ 40. Rf1 Re2 41. Rf2 Re1+ 42. Rf1 1/2-1/2

[Event "Pardubice Open A"]
[Site "?"]
[Date "2015.07.27"]
[Round "4.6"]
[White "MOVSESIAN, Sergei"]
[Black "KOVALEV, Andrei"]
[Result "1-0"]
[WhiteElo "2653"]
[BlackElo "2491"]
[PlyCount "125"]
[EventDate "2015.??.??"]
[WhiteClock "0:03:11"]
[BlackClock "0:03:12"]

1. e4 c5 2. Nf3 e6 3. d4 cxd4 4. Nxd4 a6 5. Nc3 Qc7 6. Bd3 Nc6 7. Nxc6 bxc6 8.
O-O Nf6 9. Qf3 Bb7 10. Bf4 d6 11. Rfe1 c5 12. Qh3 Nd7 13. Rad1 Be7 14. Qg3 g5
15. Bc1 Ne5 16. Be2 O-O-O 17. a3 h5 18. b4 h4 19. Qe3 g4 20. b5 a5 21. b6 Qc6
22. Bd2 Rhg8 23. Rb1 c4 24. Bf1 Bg5 25. Qd4 Bf6 26. Qe3 Bg5 27. Qd4 Bf6 28. Qe3
g3 29. h3 Bg5 30. f4 Bh6 31. Nb5 Qc5 32. Qxc5+ dxc5 33. Be3 Ng6 34. e5 Bxf4 35.
Bxf4 Nxf4 36. Nd6+ Kb8 37. Rb5 Rg5 38. Nxb7 Kxb7 39. Rxc5 Rd4 40. Rb1 Nd5 41.
Bxc4 Rxc4 42. Rxc4 Rxe5 43. Rxh4 Nc3 44. Rf1 Kxb6 45. Rc4 Re3 46. a4 f5 47. Kh1
e5 48. h4 f4 49. h5 e4 50. Rg1 f3 51. gxf3 exf3 52. Rxg3 Ne4 53. Rg6+ Kb7 54.
Rg7+ Kb8 55. Rd4 Kc8 56. h6 f2 57. Kg2 Re1 58. Rf7 Rg1+ 59. Kh2 Rg4 60. h7 Rh4+
61. Kg2 Rg4+ 62. Kh3 f1=Q+ 63. Rxf1 1-0

[Event "Pardubice Open A"]
[Site "?"]
[Date "2015.07.27"]
[Round "4.7"]
[White "TESKE, Henrik"]
[Black "KONONENKO, Dmitry"]
[Result "1/2-1/2"]
[WhiteElo "2475"]
[BlackElo "2617"]
[PlyCount "59"]
[EventDate "2015.??.??"]
[WhiteClock "0:16:15"]
[BlackClock "0:09:59"]

1. Nf3 c5 2. c4 g6 3. g3 Bg7 4. Bg2 Nc6 5. O-O e6 6. Nc3 Nge7 7. a3 O-O 8. d3
b6 9. Bd2 Bb7 10. Rb1 d6 11. b4 Qd7 12. Qc1 Rad8 13. Bh6 Nd4 14. Bxg7 Kxg7 15.
Nxd4 cxd4 16. Bxb7 Qxb7 17. Nb5 e5 18. c5 dxc5 19. bxc5 Qd7 20. cxb6 axb6 21.
Qc7 Qe6 22. Rfc1 Nd5 23. Qc4 Qg4 24. e3 h5 25. Nc7 Nxc7 26. Qxc7 Rfe8 27. exd4
Rxd4 28. Rc4 h4 29. Rxd4 Qxd4 30. Qc4 1/2-1/2

[Event "Pardubice Open A"]
[Site "?"]
[Date "2015.07.27"]
[Round "4.8"]
[White "PIORUN, Kacper"]
[Black "GUTMAN, Gennadi"]
[Result "1/2-1/2"]
[WhiteElo "2591"]
[BlackElo "2468"]
[PlyCount "81"]
[EventDate "2015.??.??"]
[WhiteClock "0:01:29"]
[BlackClock "0:02:35"]

1. c4 e5 2. g3 Nc6 3. Bg2 Bc5 4. Nc3 a6 5. e3 d6 6. Nge2 Nge7 7. a3 Ba7 8. b4
h5 9. Bb2 h4 10. d4 Bg4 11. h3 Bd7 12. d5 Nb8 13. g4 a5 14. Ne4 Na6 15. c5 Qb8
16. f4 axb4 17. axb4 Nxb4 18. N2c3 exf4 19. O-O f5 20. Qd4 fxe4 21. Nxe4 Nbxd5
22. Qxg7 Rg8 23. Qh7 Be6 24. exf4 Bxc5+ 25. Nxc5 Rxa1 26. Rxa1 dxc5 27. Bxd5
Bxd5 28. Bf6 Kd7 29. Bxe7 Qe8 30. Bxc5+ Qf7 31. Qd3 Qe6 32. Rd1 Kc6 33. Bf2 Qe4
34. Rc1+ Kd6 35. Qxe4 Bxe4 36. Bxh4 Rh8 37. Bf6 Rxh3 38. Be5+ Kd5 39. Rxc7 Rg3+
40. Kf2 Rxg4 41. Rxb7 1/2-1/2

[Event "Pardubice Open A"]
[Site "?"]
[Date "2015.07.27"]
[Round "4.9"]
[White "VOKAC, Marek"]
[Black "VOROBIOV, Evgeny E"]
[Result "0-1"]
[WhiteElo "2453"]
[BlackElo "2582"]
[PlyCount "80"]
[EventDate "2015.??.??"]
[WhiteClock "0:01:50"]
[BlackClock "0:03:01"]

1. d4 Nf6 2. c4 g6 3. Nc3 d5 4. cxd5 Nxd5 5. e4 Nxc3 6. bxc3 Bg7 7. Bc4 c5 8.
Ne2 Nc6 9. Be3 O-O 10. O-O Bg4 11. f3 Bd7 12. Rb1 Qc7 13. Bd3 Rad8 14. Bf4 Qc8
15. d5 Na5 16. Qc1 e5 17. Bd2 c4 18. Bc2 b6 19. f4 Bg4 20. Ng3 exf4 21. Bxf4
Bxc3 22. Bh6 Be5 23. Bxf8 Rxf8 24. Nf5 gxf5 25. exf5 f6 26. Qh6 Qe8 27. Bd1
Bxd1 28. Rbxd1 Nb7 29. Rf3 Nd6 30. Re1 Rf7 31. Kh1 Qf8 32. Qh4 Rg7 33. a4 Kh8
34. Qh6 Rg8 35. Qd2 Rg4 36. g3 Rd4 37. Qg2 Qf7 38. g4 Qxd5 39. g5 Rd2 40. Rf2
Qxg2+ 0-1

[Event "Pardubice Open A"]
[Site "?"]
[Date "2015.07.27"]
[Round "4.10"]
[White "SCHLOSSER, Philipp"]
[Black "STEINBERG, Nitzan"]
[Result "1/2-1/2"]
[WhiteElo "2579"]
[BlackElo "2435"]
[PlyCount "54"]
[EventDate "2015.??.??"]
[WhiteClock "0:11:18"]
[BlackClock "0:25:48"]

1. c4 c6 2. Nf3 d5 3. e3 Nf6 4. d4 e6 5. b3 Nbd7 6. Bd3 Bb4+ 7. Nbd2 Bc3 8. Rb1
e5 9. Qc2 Bxd2+ 10. Nxd2 exd4 11. exd4 Qe7+ 12. Kd1 O-O 13. Re1 Qd6 14. Nf3 c5
15. b4 dxc4 16. Qxc4 b5 17. Qxb5 c4 18. Bxc4 Nb6 19. Bb3 Nfd5 20. Bd2 Qg6 21.
Rc1 Bd7 22. Qf1 f6 23. Rc5 Qb1+ 24. Rc1 Qg6 25. Rc5 Qb1+ 26. Rc1 Qg6 27. Rc5
Qb1+ 1/2-1/2

[Event "Pardubice Open A"]
[Site "?"]
[Date "2015.07.27"]
[Round "4.11"]
[White "STOCEK, Jiri"]
[Black "SUNDARARAJAN, Kidambi"]
[Result "1/2-1/2"]
[WhiteElo "2573"]
[BlackElo "2433"]
[PlyCount "78"]
[EventDate "2015.??.??"]
[WhiteClock "0:01:55"]
[BlackClock "0:09:30"]

1. d4 Nf6 2. c4 e6 3. Nc3 d5 4. Bg5 Be7 5. Nf3 Nbd7 6. Qc2 O-O 7. e3 c5 8. h4
cxd4 9. Nxd4 Ne5 10. Rd1 Bd7 11. Nf3 Nxf3+ 12. gxf3 Rc8 13. Qb3 Qa5 14. Rg1 Kh8
15. e4 dxc4 16. Bxc4 b5 17. Rxd7 bxc4 18. Qa4 Qxa4 19. Bxf6 Bxf6 20. Nxa4 Rb8
21. Ke2 Bxb2 22. Rb1 Be5 23. Rxb8 Bxb8 24. Kd2 Kg8 25. Kc3 Rc8 26. Nc5 Bc7 27.
Nb7 Be5+ 28. Kc2 f5 29. exf5 exf5 30. Nd6 Bxd6 31. Rxd6 Rc7 32. Kc3 Kf7 33. a4
Ke7 34. Ra6 Kd7 35. f4 Ke7 36. h5 Kf7 37. Rd6 Ke7 38. Ra6 Kf7 39. Rd6 Ke7
1/2-1/2

[Event "Pardubice Open A"]
[Site "?"]
[Date "2015.07.27"]
[Round "4.12"]
[White "ALI MARANDI, Cemil Can"]
[Black "BURMAKIN, Vladimir"]
[Result "1/2-1/2"]
[WhiteElo "2431"]
[BlackElo "2571"]
[PlyCount "53"]
[EventDate "2015.??.??"]
[WhiteClock "0:32:31"]
[BlackClock "0:40:42"]

1. d4 Nf6 2. c4 c6 3. Nf3 d5 4. e3 Bf5 5. Nc3 e6 6. Nh4 Be4 7. f3 Bg6 8. Qb3
Qc7 9. Bd2 Be7 10. Nxg6 hxg6 11. g3 Nbd7 12. Rc1 Qb6 13. Be2 Qxb3 14. axb3 O-O
15. g4 Rfd8 16. g5 Ne8 17. f4 Nd6 18. h4 Nf5 19. Bd3 c5 20. Bxf5 gxf5 21. cxd5
cxd4 22. exd4 Nf8 23. h5 Bb4 24. h6 Rac8 25. Kf2 exd5 26. Be3 Bxc3 27. bxc3
1/2-1/2

[Event "Pardubice Open A"]
[Site "?"]
[Date "2015.07.27"]
[Round "4.13"]
[White "JAKUBOWSKI, Krzysztof"]
[Black "GAGARE, Shardul"]
[Result "1-0"]
[WhiteElo "2565"]
[BlackElo "2425"]
[PlyCount "119"]
[EventDate "2015.??.??"]
[WhiteClock "0:44:26"]
[BlackClock "0:01:50"]

1. e4 c6 2. d4 d5 3. e5 Bf5 4. Nf3 e6 5. Be2 Ne7 6. O-O h6 7. Nbd2 Nd7 8. Nb3
Nc8 9. a4 Be7 10. a5 a6 11. c4 dxc4 12. Bxc4 O-O 13. Be3 Na7 14. Bd3 Bxd3 15.
Qxd3 Nb5 16. Rfd1 Nc7 17. Nbd2 Nd5 18. Ne4 b6 19. Nfd2 Nxe3 20. Qxe3 bxa5 21.
Nc4 Qb8 22. b3 Nb6 23. Nxb6 Qxb6 24. Nf6+ Bxf6 25. exf6 Rad8 26. fxg7 Kxg7 27.
Qe5+ f6 28. Qxe6 Rxd4 29. Re1 Qb5 30. Re3 Qd5 31. Rg3+ Kh8 32. Qe2 Rg8 33. Re1
Rxg3 34. hxg3 Qe5 35. Qxe5 fxe5 36. Rxe5 a4 37. bxa4 Rxa4 38. Rc5 Kg7 39. f3 a5
40. g4 Ra2 41. Rxc6 a4 42. Ra6 Ra1+ 43. Kf2 Ra2+ 44. Kg3 Kh7 45. Ra5 Kg6 46. f4
Ra3+ 47. Kh4 Ra2 48. Kh3 Kf6 49. g5+ hxg5 50. Rxg5 Rf2 51. Kg3 Rb2 52. Ra5 Ra2
53. Kf3 Ra3+ 54. Kg4 Ra2 55. g3 Ra1 56. Ra6+ Kf7 57. Kf5 a3 58. g4 a2 59. g5
Kg7 60. Ra7+ 1-0

[Event "Pardubice Open A"]
[Site "?"]
[Date "2015.07.27"]
[Round "4.14"]
[White "ZUMSANDE, Martin"]
[Black "MOZHAROV, Mikhail"]
[Result "1/2-1/2"]
[WhiteElo "2423"]
[BlackElo "2564"]
[PlyCount "39"]
[EventDate "2015.??.??"]
[WhiteClock "0:55:42"]
[BlackClock "1:09:20"]

1. e4 c6 2. d4 d5 3. f3 e6 4. Nc3 Bb4 5. Bf4 Ne7 6. Nge2 O-O 7. Qd3 b6 8. a3
Ba6 9. Qe3 Bxc3+ 10. Nxc3 Bxf1 11. Rxf1 c5 12. O-O-O cxd4 13. Qxd4 Nbc6 14. Qd3
d4 15. Ne2 e5 16. Bg3 Rc8 17. f4 f6 18. fxe5 fxe5 19. Kb1 Kh8 20. c3 1/2-1/2

[Event "Pardubice Open A"]
[Site "?"]
[Date "2015.07.27"]
[Round "4.16"]
[White "BORUCHOVSKY, Avital"]
[Black "RESHEF, Omer"]
[Result "1-0"]
[WhiteElo "2539"]
[BlackElo "2410"]
[PlyCount "149"]
[EventDate "2015.??.??"]
[WhiteClock "0:07:57"]
[BlackClock "0:02:00"]

1. d4 d5 2. c4 c6 3. cxd5 cxd5 4. Bf4 Nc6 5. e3 Bf5 6. Qb3 Qb6 7. Qxb6 axb6 8.
Nc3 e6 9. Nf3 Nf6 10. Nh4 Bg6 11. Nxg6 hxg6 12. Rc1 Kd7 13. h3 Ne4 14. Nxe4
dxe4 15. Bc4 Ra5 16. O-O Bd6 17. Rfd1 Bxf4 18. exf4 Nb4 19. d5 exd5 20. a3 Nd3
21. Bxd3 exd3 22. Rxd3 Rc8 23. Rcd1 Rac5 24. b4 Rc1 25. Rxd5+ Ke7 26. Re5+ Kf8
27. Rxc1 Rxc1+ 28. Kh2 Rc6 29. g3 f6 30. Re3 Kf7 31. Kg2 Rc4 32. Kf1 Rc1+ 33.
Ke2 Rc2+ 34. Ke1 Rc1+ 35. Kd2 Rf1 36. Ke2 Rc1 37. Kd3 Rc7 38. Re2 b5 39. Kd4
Rc4+ 40. Kd5 Rc6 41. Re3 g5 42. fxg5 fxg5 43. Rf3+ Kg6 44. g4 Rc2 45. Kd4 Rc4+
46. Kd3 Rc6 47. Ke2 Rf6 48. Rd3 Ra6 49. Kf1 Kf6 50. Kg2 Ke5 51. Rd7 g6 52. Rxb7
Rxa3 53. Rxb5+ Kf6 54. Rb7 Rc3 55. b5 Rb3 56. b6 Ke5 57. Rb8 Kf6 58. b7 Kg7 59.
h4 gxh4 60. f4 g5 61. f5 Rb2+ 62. Kg1 Rb1+ 63. Kf2 Rb2+ 64. Ke3 h3 65. f6+ Kf7
66. Rh8 h2 67. Rxh2 Rb3+ 68. Kd4 Kxf6 69. Rh7 Rb1 70. Kd5 Rb2 71. Rd7 Rb1 72.
Kd6 Rb2 73. Kc7 Ke6 74. Rd6+ Ke7 75. Rb6 1-0

[Event "Pardubice Open A"]
[Site "?"]
[Date "2015.07.27"]
[Round "4.17"]
[White "PAP, Gyula"]
[Black "MANIK, Mikulas"]
[Result "1-0"]
[WhiteElo "2536"]
[BlackElo "2408"]
[PlyCount "45"]
[EventDate "2015.??.??"]
[WhiteClock "0:18:38"]
[BlackClock "0:17:02"]

1. d4 Nf6 2. Nf3 g6 3. g3 Bg7 4. Bg2 O-O 5. O-O d5 6. Nbd2 Bf5 7. c4 c6 8. b3
Ne4 9. Bb2 Qa5 10. a3 Nd7 11. Rc1 Rad8 12. e3 c5 13. cxd5 cxd4 14. Nc4 Qxd5 15.
Nxd4 Bxd4 16. Qxd4 Qxd4 17. Bxd4 Nec5 18. Na5 b6 19. Nc6 Rde8 20. Bxc5 Nxc5 21.
b4 Nb3 22. Rc3 Nd2 23. Rd1 1-0

[Event "Pardubice Open A"]
[Site "?"]
[Date "2015.07.27"]
[Round "4.18"]
[White "VOGEL, Roven"]
[Black "GHOSH, Diptayan"]
[Result "0-1"]
[WhiteElo "2420"]
[BlackElo "2523"]
[PlyCount "116"]
[EventDate "2015.??.??"]
[WhiteClock "0:14:54"]
[BlackClock "0:16:47"]

1. c4 Nf6 2. g3 e5 3. Bg2 h6 4. Nc3 Bb4 5. Qc2 O-O 6. Nf3 Bxc3 7. Qxc3 e4 8.
Nd4 c5 9. Nb3 Na6 10. d4 exd3 11. Qxd3 d5 12. O-O Be6 13. Bf4 dxc4 14. Qxd8
Raxd8 15. Na5 Nd5 16. Rad1 c3 17. Nxb7 Nxf4 18. Nxd8 Nxe2+ 19. Kh1 c2 20. Rde1
Rxd8 21. Rxe2 Nb4 22. Ree1 Bc4 23. Rg1 Nxa2 24. Be4 Bb3 25. Kg2 c4 26. Kf3 a5
27. Ra1 Rd1 28. Bxc2 Rxg1 29. Rxg1 Bxc2 30. Ra1 Bb3 31. Ke3 a4 32. Kd4 Nb4 33.
Kc3 Nd3 34. f4 f5 35. Rf1 Kf7 36. h3 Kf6 37. g4 g6 38. Rf3 Bd1 39. Re3 fxg4 40.
hxg4 Bxg4 41. Re8 Nxf4 42. Kxc4 h5 43. Kd4 h4 44. Ke4 Ne6 45. Ke3 Ke5 46. Ra8
Bd1 47. Ra5+ Kd6 48. Ra6+ Kd5 49. Ra5+ Nc5 50. Kf4 Kc4 51. Ra8 Nd3+ 52. Kg5 h3
53. Rc8+ Kd4 54. Rh8 Bh5 55. Rd8+ Ke3 56. Re8+ Kd2 57. Rf8 h2 58. Rf1 Bf3 0-1

[Event "Pardubice Open A"]
[Site "?"]
[Date "2015.07.27"]
[Round "4.19"]
[White "MALEK, Daniel"]
[Black "CVEK, Robert"]
[Result "0-1"]
[WhiteElo "2398"]
[BlackElo "2517"]
[PlyCount "65"]
[EventDate "2015.??.??"]
[WhiteClock "0:04:40"]
[BlackClock "0:18:35"]

1. d4 g6 2. c4 Bg7 3. e4 d6 4. Nc3 e5 5. Be3 Nc6 6. Nge2 Nf6 7. f3 O-O 8. d5
Ne7 9. Qd2 c6 10. dxc6 bxc6 11. Rd1 d5 12. cxd5 cxd5 13. Nxd5 Nfxd5 14. exd5
Nf5 15. Bc5 Re8 16. Nc3 e4 17. Nxe4 Rb8 18. b3 Rxe4+ 19. fxe4 Qh4+ 20. g3 Nxg3
21. hxg3 Qxh1 22. Qg2 Qh5 23. Be2 Bg4 24. Kd2 Qe5 25. Rc1 Bh6+ 26. Kd1 Bxe2+
27. Qxe2 Bxc1 28. Kxc1 Qa1+ 29. Kd2 Qxa2+ 30. Ke1 Qxb3 31. Kf2 Qc3 32. Qe3 Qc2+
33. Kf3 0-1

[Event "Pardubice Open A"]
[Site "?"]
[Date "2015.07.27"]
[Round "4.20"]
[White "RAZNIKOV, Danny"]
[Black "BEN ARTZI, Ido"]
[Result "1-0"]
[WhiteElo "2500"]
[BlackElo "2397"]
[PlyCount "85"]
[EventDate "2015.??.??"]
[WhiteClock "0:04:20"]
[BlackClock "0:01:03"]

1. d4 Nf6 2. c4 g6 3. g3 Bg7 4. Bg2 d5 5. cxd5 Nxd5 6. Nf3 Nb6 7. Nc3 Nc6 8. e3
O-O 9. O-O Re8 10. a3 Bd7 11. Qc2 e5 12. d5 Na5 13. Nd2 Rc8 14. Nde4 f5 15. Nc5
e4 16. Rd1 Qe7 17. b4 Nac4 18. Rb1 Nd6 19. Qb3 Qf7 20. Bf1 Rcd8 21. a4 Bf6 22.
Bb2 Nbc8 23. Ne2 Bxb2 24. Rxb2 c6 25. Nf4 cxd5 26. Nxd5 Kf8 27. Rbd2 b6 28.
Nxd7+ Rxd7 29. Qb2 Re6 30. Ba6 Rd8 31. Bxc8 Rxc8 32. Qh8+ Qg8 33. Qxg8+ Kxg8
34. Nf4 Nc4 35. Nxe6 Nxd2 36. Rxd2 Rc1+ 37. Kg2 Ra1 38. Rd7 Rxa4 39. b5 Ra5 40.
Nd4 a6 41. Rb7 axb5 42. Rxb6 Ra2 43. Rxb5 1-0

[Event "Pardubice Open A"]
[Site "?"]
[Date "2015.07.27"]
[Round "4.21"]
[White "HANSEN, Mads"]
[Black "LINTCHEVSKI, Daniil"]
[Result "0-1"]
[WhiteElo "2296"]
[BlackElo "2574"]
[PlyCount "36"]
[EventDate "2015.??.??"]
[WhiteClock "0:48:38"]
[BlackClock "0:57:15"]

1. e4 c5 2. Nf3 Nf6 3. Nc3 Nc6 4. d4 d5 5. exd5 Nxd5 6. dxc5 Nxc3 7. Qxd8+ Nxd8
8. bxc3 f6 9. Be3 Bd7 10. Rb1 Rc8 11. Bb5 e5 12. Nd2 Bxc5 13. Ne4 Be7 14. f4
Bxb5 15. Rxb5 Rc4 16. Nd2 Rxc3 17. Bxa7 Rxc2 18. fxe5 Rc1+ 0-1

[Event "Pardubice Open A"]
[Site "?"]
[Date "2015.07.27"]
[Round "4.22"]
[White "BABULA, Vlastimil"]
[Black "KRENSING, Jan"]
[Result "1-0"]
[WhiteElo "2559"]
[BlackElo "2344"]
[PlyCount "95"]
[EventDate "2015.??.??"]
[WhiteClock "0:06:14"]
[BlackClock "0:12:21"]

1. d4 Nf6 2. c4 e6 3. Nf3 Bb4+ 4. Bd2 c5 5. Bxb4 cxb4 6. a3 Qe7 7. e3 bxa3 8.
Rxa3 d6 9. Nc3 O-O 10. Be2 Nc6 11. O-O b6 12. e4 Bb7 13. d5 Nb4 14. Nd4 g6 15.
Nc2 Nxc2 16. Qxc2 exd5 17. exd5 Rfe8 18. Rfa1 a6 19. Bf1 Rac8 20. Qd2 Rb8 21.
Rc1 Bc8 22. Raa1 Bb7 23. Re1 Qd8 24. Qd4 Rxe1 25. Rxe1 Bc8 26. h3 Rb7 27. Re3
Bd7 28. Qf4 Bc8 29. Bd3 Ra7 30. Qh4 Rd7 31. Qd4 Rb7 32. g4 Ra7 33. Kg2 Rb7 34.
f3 Ra7 35. h4 h5 36. g5 Ne8 37. f4 Ng7 38. Ne4 Ne8 39. Nf6+ Nxf6 40. Qxf6 Qf8
41. Bc2 Rb7 42. b4 Rc7 43. Kg3 Rb7 44. c5 dxc5 45. bxc5 bxc5 46. Ba4 Bd7 47.
Re7 Bc6 48. d6 1-0

[Event "Pardubice Open A"]
[Site "?"]
[Date "2015.07.27"]
[Round "4.23"]
[White "LOMASOV, Semen"]
[Black "CHERNYSHOV, Konstantin"]
[Result "1-0"]
[WhiteElo "2342"]
[BlackElo "2529"]
[PlyCount "101"]
[EventDate "2015.??.??"]
[WhiteClock "0:04:36"]
[BlackClock "0:12:05"]

1. e4 c5 2. Nf3 Nc6 3. Bb5 g6 4. Bxc6 bxc6 5. O-O Nf6 6. e5 Nd5 7. c4 Nc7 8. d4
cxd4 9. Qxd4 Ne6 10. Qh4 Bg7 11. Bh6 O-O 12. Nc3 f6 13. Bxg7 Kxg7 14. Rad1 Rb8
15. b3 Qa5 16. exf6+ exf6 17. Qg3 Rb6 18. Na4 Rb4 19. Qd6 Rxa4 20. bxa4 Qxa4
21. Qd3 Rf7 22. Qb3 Qa5 23. Nd4 Qc5 24. Nxe6+ dxe6 25. Rd8 Ba6 26. Rc1 e5 27.
h3 e4 28. Qe3 Qa5 29. Qd2 Qa4 30. Rd4 f5 31. Rd7 Rxd7 32. Qxd7+ Kh6 33. Qd2+
Kg7 34. Qd4+ Kh6 35. Qe3+ Kh5 36. Qxa7 h6 37. Qc5 Qxa2 38. Qxc6 Qb2 39. Rf1 Qa2
40. g4+ fxg4 41. hxg4+ Kg5 42. Qxe4 Qxc4 43. Qe5+ Kh4 44. Ra1 Bb5 45. Qg3+ Kg5
46. Kh2 Qc5 47. Re1 Kf6 48. Qf4+ Kg7 49. Re6 Qg5 50. Qxg5 hxg5 51. Re5 1-0

[Event "Pardubice Open A"]
[Site "?"]
[Date "2015.07.27"]
[Round "4.24"]
[White "KRYAKVIN, Dmitry"]
[Black "SANDERS, Isaac B"]
[Result "1/2-1/2"]
[WhiteElo "2529"]
[BlackElo "2338"]
[PlyCount "133"]
[EventDate "2015.??.??"]
[WhiteClock "0:13:53"]
[BlackClock "0:02:30"]

1. d4 f5 2. g3 Nf6 3. Bg2 g6 4. c3 Bg7 5. Qb3 Nc6 6. Nd2 e6 7. e4 fxe4 8. Nxe4
Nxe4 9. Bxe4 d5 10. Bg2 e5 11. Ne2 e4 12. Nf4 Ne7 13. h4 c6 14. h5 Qb6 15. Be3
Bg4 16. Rh4 Bf5 17. hxg6 Qxb3 18. axb3 hxg6 19. Rxh8+ Bxh8 20. Kd2 Bf6 21. f3
exf3 22. Bxf3 Kd7 23. Nd3 Bxd3 24. Kxd3 Nf5 25. Bf2 a6 26. c4 dxc4+ 27. bxc4
Rh8 28. Rh1 Rxh1 29. Bxh1 b6 30. b3 Be7 31. Be4 c5 32. d5 Bd6 33. g4 Ne7 34.
Be1 Bf4 35. Bc3 Ke8 36. Bf3 Nc8 37. Ke4 Bh2 38. Be2 Nd6+ 39. Kf3 Nf7 40. Bd2
Ke7 41. g5 Bd6 42. Bd1 b5 43. cxb5 axb5 44. Be2 c4 45. bxc4 bxc4 46. Ke4 Kd8
47. Kd4 Be7 48. Ba5+ Ke8 49. Bxc4 Bxg5 50. Bb5+ Kf8 51. Kc5 Bf4 52. Kc6 Ke7 53.
Bb4+ Bd6 54. Be1 g5 55. Be2 Bf4 56. Kc5 Be3+ 57. Kb5 Kd6 58. Bf3 Ne5 59. Bb4+
Kd7 60. Be4 Nf7 61. Bf5+ Kc7 62. Be6 Nd6+ 63. Ka6 Ne4 64. Ba5+ Kd6 65. Kb5 Nf6
66. Bb4+ Ke5 67. Kc6 1/2-1/2

[Event "Pardubice Open A"]
[Site "?"]
[Date "2015.07.27"]
[Round "4.25"]
[White "PECHAC, Jergus"]
[Black "KONGUVEL, Ponnuswamy"]
[Result "0-1"]
[WhiteElo "2511"]
[BlackElo "2337"]
[PlyCount "64"]
[EventDate "2015.??.??"]
[WhiteClock "0:02:03"]
[BlackClock "0:03:24"]

1. e4 c5 2. Nf3 e6 3. d4 cxd4 4. Nxd4 Nc6 5. Nc3 Qc7 6. g3 a6 7. Bg2 d6 8. O-O
Be7 9. Kh1 Nf6 10. f4 Bd7 11. Be3 Nxd4 12. Bxd4 Bc6 13. Qe2 O-O 14. a4 Rfe8 15.
b4 e5 16. fxe5 dxe5 17. Bc5 Bxc5 18. bxc5 Rad8 19. Rf5 Qe7 20. Raf1 Qxc5 21.
Qf3 Rd6 22. g4 Bd7 23. g5 Bxf5 24. exf5 e4 25. Qg3 Nh5 26. Qh3 e3 27. Ne2 g6
28. Bf3 Ng7 29. f6 Ne6 30. Rg1 Red8 31. Nf4 Nxf4 32. Qh6 Ne6 0-1

[Event "Pardubice Open A"]
[Site "?"]
[Date "2015.07.27"]
[Round "4.26"]
[White "KOTLYAR, Kirill"]
[Black "HABA, Petr"]
[Result "1/2-1/2"]
[WhiteElo "2330"]
[BlackElo "2488"]
[PlyCount "50"]
[EventDate "2015.??.??"]
[WhiteClock "0:27:42"]
[BlackClock "0:18:47"]

1. d4 d5 2. c4 c6 3. Nf3 Nf6 4. Nc3 a6 5. c5 Bf5 6. Bf4 h6 7. h3 e6 8. e3 Be7
9. Bd3 Bxd3 10. Qxd3 b6 11. cxb6 Qxb6 12. O-O Nbd7 13. b3 O-O 14. Rfc1 Rfc8 15.
Be5 c5 16. Na4 Qa5 17. dxc5 Nxc5 18. Nxc5 Rxc5 19. Rxc5 Qxc5 20. Bb2 Ne4 21.
Rc1 Qa5 22. a3 Bf6 23. Bxf6 gxf6 24. b4 Qb5 25. Qc2 Nd6 1/2-1/2

[Event "Pardubice Open A"]
[Site "?"]
[Date "2015.07.27"]
[Round "4.27"]
[White "LALIC, Bogdan"]
[Black "RUFF, Maximilian"]
[Result "1/2-1/2"]
[WhiteElo "2480"]
[BlackElo "2336"]
[PlyCount "51"]
[EventDate "2015.??.??"]
[WhiteClock "0:41:59"]
[BlackClock "0:31:05"]

1. d4 d5 2. c4 e6 3. Nc3 Nf6 4. Nf3 Nbd7 5. cxd5 exd5 6. Bg5 c6 7. e3 Be7 8.
Qc2 Nh5 9. Bxe7 Qxe7 10. O-O-O Nb6 11. h3 g6 12. g4 Ng7 13. Ne5 Be6 14. Kb1
O-O-O 15. Rc1 Kb8 16. Na4 f6 17. Nd3 g5 18. Nac5 h5 19. Be2 hxg4 20. hxg4 Nc4
21. a3 Bc8 22. Ka2 Nd6 23. Bf3 Ne4 24. Qe2 Nxc5 25. Nxc5 Ne6 26. Nd3 1/2-1/2

[Event "Pardubice Open A"]
[Site "?"]
[Date "2015.07.27"]
[Round "4.28"]
[White "MICHENKA, Jozef"]
[Black "NAKAR, Eylon"]
[Result "1-0"]
[WhiteElo "2323"]
[BlackElo "2479"]
[PlyCount "77"]
[EventDate "2015.??.??"]
[WhiteClock "0:01:10"]
[BlackClock "0:00:59"]

1. d4 Nf6 2. c4 e6 3. Nc3 Bb4 4. Qc2 d5 5. cxd5 exd5 6. Bg5 h6 7. Bxf6 Qxf6 8.
a3 Bxc3+ 9. Qxc3 O-O 10. e3 c6 11. Nf3 Be6 12. Bd3 Nd7 13. O-O c5 14. b4 c4 15.
Bc2 Bf5 16. a4 Rfe8 17. Nd2 Rac8 18. Rac1 Bxc2 19. Rxc2 Qf5 20. Rfc1 Nf6 21. b5
b6 22. Qa3 Re6 23. Nf1 h5 24. Ng3 Qg5 25. Ne2 Rce8 26. h3 Ne4 27. Nf4 R6e7 28.
Qb4 h4 29. Qe1 Qf5 30. Ne2 Re6 31. Nc3 Rg6 32. Kh2 Rxg2+ 33. Kxg2 Ng5 34. Qh1
Qf3+ 35. Kg1 Qf5 36. Qxd5 Nf3+ 37. Kf1 Qxh3+ 38. Ke2 Qg4 39. Qxf3 1-0